01928nam a2200361Ia 4500001001200000003000800012006001900020007001500039008004100054020001500095020001800110040002100128035002100149050003100170245028400201260005800485300001500543500013500558504005100693533015200744650006000896650005300956650004201009650005901051650006301110650005101173650003701224655002901261710011601290710001701406856012601423999001701549ebr10255022CaPaEBRm u cr cn|||||||||080814s2008 dcu sb 001 0 eng d z0309119197 z9780309119191 aCaPaEBRcCaPaEBR a(OCoLC)56798380814aDS79.744.M44bG8338 2008eb00aGulf War and healthh[electronic resource] :bupdated literature review of depleted uranium /cCommittee on Gulf War and Health: Updated Literature Review of Depleted Uranium, Board of Population Health and Public Health Practice, Institute of Medicine of the National Academies. aWashington, D.C. :bNational Academies Press,cc2008. axi, 271 p. aStand-alone book; not a part of the Gulf War and health series according to Dir. of Publishing Services, National Academies Press. aIncludes bibliographical references and index. aElectronic reproduction.bPalo Alto, Calif. :cebrary,d2009.nAvailable via World Wide Web.nAccess may be limited to ebrary affiliated libraries. 0aDepleted uraniumxEnvironmental aspectszUnited States. 0aDepleted uraniumxHealth aspectszUnited States. 0aPersian Gulf syndromezUnited States. 0aPersian Gulf War, 1991xHealth aspectszUnited States. 0aPersian Gulf War, 1991xVeteransxDiseaseszUnited States. 0aPost-traumatic stress disorderzUnited States. 0aUranium enrichmentxBy-products. 7aElectronic books.2local2 aInstitute of Medicine (U.S.).bCommittee on Gulf War and Health: Updated Literature Review of Depleted Uranium.2 aebrary, Inc.40uhttp://site.ebrary.com/lib/rucke/Doc?id=10255022zAn electronic book accessible through the World Wide Web; click to view c14733d14733